[Event "ureki 2015"]
[Site "?"]
[Date "2015.10.06"]
[Round "2.2"]
[White "Paichadze, Luka"]
[Black "Pantsulaia, Levan"]
[Result "1/2-1/2"]
[LiveChessVersion "1.3.1"]
[BlackElo "2572"]
[WhiteElo "2568"]

1. e4 {[%clk 1:30:56]} c5 {[%clk 1:30:40]} 2. Nf3 {[%clk 1:31:19]} e6
{[%clk 1:31:00]} 3. d4 {[%clk 1:31:43]} cxd4 {[%clk 1:31:25]} 4. Nxd4
{[%clk 1:32:10]} a6 {[%clk 1:31:48]} 5. c4 {[%clk 1:32:25]} Nf6 {[%clk 1:29:15]}
6. Nc3 {[%clk 1:32:48]} Qc7 {[%clk 1:29:29]} 7. a3 {[%clk 1:33:06]} b6
{[%clk 1:28:31]} 8. Be3 {[%clk 1:29:29]} Bb7 {[%clk 1:27:23]} 9. f3
{[%clk 1:29:44]} Nc6 {[%clk 1:26:37]} 10. Be2 {[%clk 1:25:44]} Rc8
{[%clk 1:17:21]} 11. Rc1 {[%clk 1:17:43]} Nxd4 {[%clk 1:08:25]} 12. Qxd4
{[%clk 1:02:31]} Bc5 {[%clk 1:07:32]} 13. Qd2 {[%clk 1:02:55]} O-O
{[%clk 1:06:18]} 14. Bxc5 {[%clk 0:59:49]} bxc5 {[%clk 1:00:53]} 15. O-O
{[%clk 0:58:58]} Bc6 {[%clk 0:53:27]} 16. Rb1 {[%clk 0:50:49]} a5
{[%clk 0:50:23]} 17. Qe3 {[%clk 0:43:09]} Qe5 {[%clk 0:50:20]} 18. Rbd1
{[%clk 0:37:40]} g5 {[%clk 0:35:35]} 19. h4 {[%clk 0:26:59]} Qf4 {[%clk 0:33:47]}
20. Qxf4 {[%clk 0:17:23]} gxf4 {[%clk 0:34:05]} 21. Rd2 {[%clk 0:17:35]} Kh8
{[%clk 0:18:59]} 22. Bd1 {[%clk 0:16:15]} Rg8 {[%clk 0:18:48]} 23. Ba4
{[%clk 0:14:24]} Rg6 {[%clk 0:17:13]} 24. Bxc6 {[%clk 0:14:03]} dxc6
{[%clk 0:17:37]} 25. Na4 {[%clk 0:13:10]} Rh6 {[%clk 0:15:56]} 26. Nxc5
{[%clk 0:12:42]} Rxh4 {[%clk 0:14:11]} 27. Rfd1 {[%clk 0:11:29]} Kg7
{[%clk 0:11:08]} 28. Rd8 {[%clk 0:09:52]} Rxd8 {[%clk 0:10:51]} 29. Rxd8
{[%clk 0:10:18]} Nh5 {[%clk 0:11:04]} 30. Rd1 {[%clk 0:10:04]} Ng3
{[%clk 0:11:21]} 31. Kf2 {[%clk 0:10:27]} Nh1+ {[%clk 0:08:29]} 32. Kg1
{[%clk 0:10:24]} Ng3 {[%clk 0:08:51]} 33. Kf2 {[%clk 0:10:51]} Nh1+
{[%clk 0:09:01]} 34. Kg1 {[%clk 0:06:23]} Ng3 {[%clk 0:09:24]} 1/2-1/2

[Event "ureki 2015"]
[Site "?"]
[Date "2015.10.06"]
[Round "2.3"]
[White "Azaladze, Shota"]
[Black "Mgeladze, Tamaz"]
[Result "0-1"]
[LiveChessVersion "1.3.1"]
[BlackElo "2339"]
[WhiteElo "2475"]

1. Nf3 {[%clk 1:30:55]} g6 {[%clk 1:28:49]} 2. d4 {[%clk 1:27:50]} Nf6
{[%clk 1:28:38]} 3. g3 {[%clk 1:27:58]} Bg7 {[%clk 1:29:00]} 4. Bg2
{[%clk 1:28:17]} O-O {[%clk 1:29:20]} 5. O-O {[%clk 1:28:20]} Nc6
{[%clk 1:28:11]} 6. d5 {[%clk 1:07:35]} Na5 {[%clk 1:27:27]} 7. e4
{[%clk 1:02:32]} d6 {[%clk 1:16:42]} 8. Nbd2 {[%clk 0:51:53]} c5 {[%clk 1:14:33]}
9. c3 {[%clk 0:48:31]} b5 {[%clk 1:09:11]} 10. Rb1 {[%clk 0:44:38]} Qc7
{[%clk 0:54:15]} 11. b3 {[%clk 0:43:47]} e6 {[%clk 0:52:19]} 12. dxe6
{[%clk 0:35:45]} Bxe6 {[%clk 0:52:26]} 13. Bb2 {[%clk 0:35:56]} Rad8
{[%clk 0:48:47]} 14. Qe2 {[%clk 0:27:37]} a6 {[%clk 0:43:36]} 15. h3
{[%clk 0:24:52]} Rfe8 {[%clk 0:37:59]} 16. c4 {[%clk 0:06:58]} bxc4
{[%clk 0:34:31]} 17. Bxf6 {[%clk 0:06:49]} Bxf6 {[%clk 0:34:52]} 18. Nxc4
{[%clk 0:06:55]} Nxc4 {[%clk 0:30:58]} 19. bxc4 {[%clk 0:07:23]} Qd7
{[%clk 0:29:49]} 20. h4 {[%clk 0:04:51]} Qa4 {[%clk 0:28:48]} 21. Rfc1
{[%clk 0:04:13]} Rb8 {[%clk 0:28:46]} 22. Rxb8 {[%clk 0:04:00]} Rxb8
{[%clk 0:29:14]} 23. e5 {[%clk 0:01:05]} dxe5 {[%clk 0:29:07]} 24. Nxe5
{[%clk 0:01:29]} Qa3 {[%clk 0:29:26]} 25. Nd3 {[%clk 0:00:43]} Rd8
{[%clk 0:28:41]} 26. Bd5 {[%clk 0:00:47]} Bxd5 {[%clk 0:28:37]} 27. cxd5
{[%clk 0:01:15]} Rxd5 {[%clk 0:29:00]} 28. Rd1 {[%clk 0:00:43]} c4
{[%clk 0:26:41]} 29. Nf4 {[%clk 0:00:34]} Rxd1+ {[%clk 0:25:41]} 30. Qxd1
{[%clk 0:01:03]} Qxa2 {[%clk 0:26:04]} 31. Nd5 {[%clk 0:01:19]} Qa1
{[%clk 0:25:34]} 32. Qxa1 {[%clk 0:00:51]} Bxa1 {[%clk 0:25:58]} 33. Kf1
{[%clk 0:01:17]} Bd4 {[%clk 0:24:50]} 0-1

[Event "ureki 2015"]
[Site "?"]
[Date "2015.10.06"]
[Round "2.4"]
[White "Khurtsidze, Nino"]
[Black "Gvetadze, Sofio"]
[Result "1-0"]
[LiveChessVersion "1.3.1"]
[BlackElo "2314"]
[WhiteElo "2426"]

1. d4 {[%clk 1:29:08]} Nf6 {[%clk 1:30:54]} 2. Nf3 {[%clk 1:29:19]} e6
{[%clk 1:31:12]} 3. c4 {[%clk 1:29:09]} Bb4+ {[%clk 1:29:56]} 4. Nbd2
{[%clk 1:29:08]} d5 {[%clk 1:29:52]} 5. Qa4+ {[%clk 1:25:56]} Nc6
{[%clk 1:30:14]} 6. a3 {[%clk 1:26:17]} Bxd2+ {[%clk 1:26:05]} 7. Bxd2
{[%clk 1:26:33]} Ne4 {[%clk 1:26:14]} 8. Rd1 {[%clk 1:26:34]} O-O
{[%clk 1:24:09]} 9. e3 {[%clk 1:23:04]} Ne7 {[%clk 1:18:07]} 10. Bd3
{[%clk 1:16:38]} Nxd2 {[%clk 0:55:43]} 11. Rxd2 {[%clk 1:16:54]} Ng6
{[%clk 0:55:31]} 12. Qc2 {[%clk 1:07:59]} Bd7 {[%clk 0:48:11]} 13. O-O
{[%clk 1:02:29]} c6 {[%clk 0:28:09]} 14. Bxg6 {[%clk 0:43:17]} hxg6
{[%clk 0:28:19]} 15. Ne5 {[%clk 0:43:39]} Be8 {[%clk 0:25:17]} 16. f4
{[%clk 0:41:18]} f6 {[%clk 0:23:18]} 17. Nf3 {[%clk 0:38:21]} dxc4
{[%clk 0:22:38]} 18. Qxc4 {[%clk 0:38:27]} Bf7 {[%clk 0:22:31]} 19. Qc2
{[%clk 0:38:26]} Qa5 {[%clk 0:22:03]} 20. e4 {[%clk 0:30:31]} Rac8
{[%clk 0:20:39]} 21. Rc1 {[%clk 0:28:59]} Rfd8 {[%clk 0:19:18]} 22. Qd1
{[%clk 0:26:03]} Rd7 {[%clk 0:15:17]} 23. Rc5 {[%clk 0:25:24]} Qa6 24. Qc2
{[%clk 0:20:38]} Rcd8 {[%clk 0:14:31]} 25. Qc3 {[%clk 0:20:56]} Qb6
{[%clk 0:13:42]} 26. b4 a6 27. a4 {[%clk 0:16:53]} Qa7 {[%clk 0:11:25]} 28. Rd3
{[%clk 0:13:26]} Qb8 {[%clk 0:10:18]} 29. Qd2 {[%clk 0:09:51]} Qa7
{[%clk 0:09:23]} 30. Qc1 {[%clk 0:07:19]} Qb6 {[%clk 0:08:30]} 31. Qc3
{[%clk 0:07:31]} Qa7 {[%clk 0:08:02]} 32. e5 {[%clk 0:07:09]} Rd5
{[%clk 0:07:29]} 33. Nd2 {[%clk 0:07:02]} g5 {[%clk 0:06:12]} 34. exf6
{[%clk 0:04:41]} Bg6 {[%clk 0:04:40]} 35. Re3 {[%clk 0:04:48]} gxf4
{[%clk 0:04:30]} 36. Rxe6 {[%clk 0:04:39]} Rxd4 {[%clk 0:04:04]} 37. Nf1
{[%clk 0:04:21]} Rd3 {[%clk 0:00:43]} 38. Qe1 {[%clk 0:04:12]} a5
{[%clk 0:00:57]} 39. Re7 {[%clk 0:04:17]} Bf7 {[%clk 0:00:58]} 40. Rxf7
{[%clk 0:34:26]} gxf6 {[%clk 0:30:42]} 41. Re7 {[%clk 0:33:30]} axb4
{[%clk 0:29:58]} 42. Qe6+ {[%clk 0:33:51]} 1-0

[Event "ureki 2015"]
[Site "?"]
[Date "2015.10.06"]
[Round "2.5"]
[White "Beradze, Irakli"]
[Black "Bortnyk, Olexandr"]
[Result "0-1"]
[LiveChessVersion "1.3.1"]
[BlackElo "2557"]
[WhiteElo "2416"]

1. d4 {[%clk 1:30:52]} d6 {[%clk 1:30:52]} 2. Nf3 {[%clk 1:31:08]} g6
{[%clk 1:31:13]} 3. g3 {[%clk 1:30:12]} Bg7 {[%clk 1:31:36]} 4. Bg2
{[%clk 1:30:37]} f5 {[%clk 1:31:43]} 5. c4 {[%clk 1:30:15]} Nf6 {[%clk 1:32:09]}
6. Nc3 {[%clk 1:30:35]} O-O {[%clk 1:32:30]} 7. O-O {[%clk 1:30:55]} c6
{[%clk 1:32:43]} 8. Qc2 {[%clk 1:24:30]} Qc7 {[%clk 1:29:22]} 9. b3
{[%clk 1:18:48]} a5 {[%clk 1:27:35]} 10. Bb2 {[%clk 1:15:23]} Na6
{[%clk 1:27:43]} 11. Rad1 {[%clk 1:09:22]} e5 {[%clk 1:23:21]} 12. dxe5
{[%clk 0:57:43]} dxe5 {[%clk 1:23:06]} 13. Na4 {[%clk 0:58:07]} Ne4
{[%clk 1:12:54]} 14. Nd2 {[%clk 0:35:11]} Nec5 {[%clk 1:11:31]} 15. Nxc5
{[%clk 0:32:54]} Nxc5 {[%clk 1:10:46]} 16. a3 {[%clk 0:30:18]} e4
{[%clk 1:06:08]} 17. Bxg7 Qxg7 {[%clk 1:06:32]} 18. b4 {[%clk 0:21:00]} axb4
{[%clk 1:06:49]} 19. axb4 {[%clk 0:21:27]} Na6 {[%clk 1:06:47]} 20. Rb1
{[%clk 0:20:34]} Be6 {[%clk 1:06:22]} 21. Rfd1 {[%clk 0:19:48]} Rfd8
{[%clk 1:06:00]} 22. e3 {[%clk 0:16:10]} Qe7 {[%clk 0:51:15]} 23. c5
{[%clk 0:12:54]} Nc7 {[%clk 0:48:53]} 24. Nc4 {[%clk 0:11:18]} Rxd1+
{[%clk 0:47:53]} 25. Rxd1 {[%clk 0:11:40]} Nd5 {[%clk 0:47:56]} 26. Rb1
{[%clk 0:09:16]} Qg7 {[%clk 0:48:00]} 27. Bf1 {[%clk 0:09:27]} Qc3
{[%clk 0:47:28]} 28. Qxc3 {[%clk 0:08:18]} Nxc3 {[%clk 0:47:52]} 29. Rc1
{[%clk 0:08:47]} Na2 {[%clk 0:47:49]} 30. Rb1 {[%clk 0:07:13]} Ra4
{[%clk 0:47:31]} 31. Nd6 {[%clk 0:07:04]} Nxb4 {[%clk 0:47:49]} 32. Nxb7
{[%clk 0:07:22]} Nd3 {[%clk 0:47:45]} 33. Rd1 {[%clk 0:02:33]} Bb3
{[%clk 0:47:59]} 34. Rd2 {[%clk 0:02:28]} Ra1 {[%clk 0:48:22]} 35. Kg2
{[%clk 0:01:41]} Ne1+ {[%clk 0:48:12]} 36. Kh3 {[%clk 0:02:08]} Nf3
{[%clk 0:47:22]} 37. Rd8+ {[%clk 0:02:20]} Kg7 {[%clk 0:47:42]} 38. Kg2
{[%clk 0:00:48]} Bc4 {[%clk 0:45:42]} 39. Bxc4 {[%clk 0:00:37]} Rg1+
{[%clk 0:46:06]} 40. Kh3 {[%clk 0:31:01]} g5 {[%clk 1:03:22]} 41. Rd7+
{[%clk 0:18:11]} Kf6 {[%clk 1:03:21]} 42. Rd6+ {[%clk 0:17:55]} Ke7
{[%clk 1:03:04]} 43. Re6+ {[%clk 0:14:21]} Kd7 {[%clk 1:03:26]} 44. Rxe4
{[%clk 0:14:14]} g4+ {[%clk 1:03:52]} 0-1

[Event "ureki 2015"]
[Site "?"]
[Date "2015.10.06"]
[Round "2.6"]
[White "Ziaziulkina, Nastassia"]
[Black "Khomeriki, Nino"]
[Result "1-0"]
[LiveChessVersion "1.3.1"]
[BlackElo "2295"]
[WhiteElo "2402"]

1. e4 {[%clk 1:30:57]} c5 {[%clk 1:30:45]} 2. Nf3 {[%clk 1:31:11]} e6
{[%clk 1:30:58]} 3. d4 {[%clk 1:30:44]} cxd4 {[%clk 1:31:11]} 4. Nxd4
{[%clk 1:31:09]} a6 {[%clk 1:31:33]} 5. Bd3 {[%clk 1:31:27]} Nf6 {[%clk 1:31:57]}
6. O-O {[%clk 1:30:56]} e5 {[%clk 1:32:10]} 7. Nb3 {[%clk 1:23:03]} Nc6
{[%clk 1:32:08]} 8. c4 {[%clk 1:17:16]} a5 {[%clk 1:32:25]} 9. Be3
{[%clk 1:15:43]} a4 {[%clk 1:29:20]} 10. N3d2 {[%clk 1:10:20]} Qa5
{[%clk 1:25:51]} 11. Nc3 {[%clk 1:05:58]} a3 {[%clk 1:10:22]} 12. Nb3
{[%clk 1:04:16]} Qb4 {[%clk 1:08:49]} 13. Qc2 {[%clk 1:02:19]} axb2
{[%clk 1:02:42]} 14. Qxb2 {[%clk 0:59:35]} Be7 {[%clk 0:52:19]} 15. c5
{[%clk 0:26:44]} Nd4 {[%clk 0:45:08]} 16. Bxd4 {[%clk 0:26:18]} exd4
{[%clk 0:45:35]} 17. Nb5 {[%clk 0:26:39]} O-O {[%clk 0:46:00]} 18. Nc7
{[%clk 0:19:52]} Ra3 {[%clk 0:28:34]} 19. e5 {[%clk 0:19:23]} Rxb3
{[%clk 0:28:58]} 20. axb3 {[%clk 0:15:51]} Ng4 {[%clk 0:26:15]} 21. Qe2
{[%clk 0:13:35]} Bd8 {[%clk 0:16:29]} 22. Nd5 {[%clk 0:12:20]} Qxc5
{[%clk 0:16:40]} 23. Qe4 {[%clk 0:10:18]} f5 {[%clk 0:15:45]} 24. exf6
{[%clk 0:10:33]} Nxf6 {[%clk 0:15:45]} 25. Nxf6+ {[%clk 0:10:56]} Bxf6
{[%clk 0:15:53]} 26. Qxh7+ {[%clk 0:10:24]} Kf7 {[%clk 0:16:23]} 27. Rfe1
{[%clk 0:10:05]} Bg5 {[%clk 0:13:56]} 28. Qg6+ {[%clk 0:09:21]} Kg8
{[%clk 0:14:25]} 29. Bc4+ {[%clk 0:09:38]} Kh8 {[%clk 0:14:54]} 30. Qh5+
{[%clk 0:10:03]} 1-0

[Event "ureki 2015"]
[Site "?"]
[Date "2015.10.06"]
[Round "2.7"]
[White "Benidze, Davit"]
[Black "Mchedlishvili, Mikheil"]
[Result "0-1"]
[LiveChessVersion "1.3.1"]
[BlackElo "2607"]
[WhiteElo "2491"]

1. Nf3 {[%clk 1:30:57]} Nf6 {[%clk 1:30:00]} 2. g3 {[%clk 1:31:21]} g6
{[%clk 1:29:35]} 3. Bg2 {[%clk 1:31:45]} Bg7 {[%clk 1:29:52]} 4. c4
{[%clk 1:32:06]} O-O {[%clk 1:28:51]} 5. O-O {[%clk 1:32:30]} d6 {[%clk 1:23:32]}
6. d4 {[%clk 1:31:29]} Nc6 {[%clk 1:23:08]} 7. Nc3 {[%clk 1:31:53]} Bf5
{[%clk 1:22:19]} 8. d5 {[%clk 1:27:33]} Na5 {[%clk 1:21:56]} 9. Nd4
{[%clk 1:27:52]} Bd7 {[%clk 1:20:58]} 10. b3 {[%clk 1:28:11]} c5 {[%clk 1:18:09]}
11. dxc6 {[%clk 1:28:00]} bxc6 {[%clk 1:15:13]} 12. e4 {[%clk 1:24:52]} c5
{[%clk 1:12:07]} 13. Nde2 {[%clk 1:24:26]} Nc6 {[%clk 1:09:45]} 14. h3
{[%clk 1:23:10]} Ne8 {[%clk 1:07:52]} 15. Be3 {[%clk 1:11:51]} Nc7
{[%clk 1:07:05]} 16. Qd2 {[%clk 1:12:19]} Ne6 {[%clk 1:04:52]} 17. Rad1
{[%clk 1:09:14]} Ned4 {[%clk 1:01:46]} 18. Bxd4 {[%clk 1:07:52]} Bxd4
{[%clk 0:51:42]} 19. Nxd4 {[%clk 1:07:32]} Nxd4 {[%clk 0:51:45]} 20. f4
{[%clk 1:02:56]} e5 {[%clk 0:43:08]} 21. f5 {[%clk 1:01:20]} Bc6 {[%clk 0:43:33]}
22. f6 {[%clk 1:00:04]} Kh8 {[%clk 0:43:24]} 23. h4 {[%clk 0:56:42]} Rg8
{[%clk 0:43:31]} 24. Kh2 {[%clk 0:55:07]} a5 {[%clk 0:40:43]} 25. Rf2
{[%clk 0:55:32]} a4 {[%clk 0:33:46]} 26. bxa4 {[%clk 0:48:57]} Bxa4
{[%clk 0:33:51]} 27. Nxa4 {[%clk 0:46:07]} Rxa4 {[%clk 0:34:14]} 28. Rb1
{[%clk 0:46:35]} Qa8 {[%clk 0:24:50]} 29. Qc1 {[%clk 0:41:28]} Rxa2
{[%clk 0:10:48]} 30. Rxa2 {[%clk 0:39:32]} Qxa2 {[%clk 0:11:15]} 31. Rb7
{[%clk 0:39:58]} g5 {[%clk 0:08:49]} 32. Rb2 {[%clk 0:39:17]} Qa3
{[%clk 0:08:32]} 33. hxg5 {[%clk 0:39:43]} Ne2 0-1

[Event "ureki 2015"]
[Site "?"]
[Date "2015.10.06"]
[Round "2.8"]
[White "Gagunashvili, Merab"]
[Black "Quparadze, Giga"]
[Result "0-1"]
[LiveChessVersion "1.3.1"]
[BlackElo "2445"]
[WhiteElo "2553"]

1. e4 {[%clk 1:30:58]} c5 {[%clk 1:30:54]} 2. Nf3 {[%clk 1:31:24]} e6
{[%clk 1:30:58]} 3. d4 {[%clk 1:31:50]} cxd4 {[%clk 1:31:23]} 4. Nxd4
{[%clk 1:32:17]} a6 {[%clk 1:31:48]} 5. Nc3 {[%clk 1:32:37]} Qc7 {[%clk 1:31:47]}
6. Bd3 {[%clk 1:32:50]} Bc5 {[%clk 1:32:08]} 7. Nb3 {[%clk 1:25:17]} Be7
{[%clk 1:32:20]} 8. O-O {[%clk 1:25:06]} d6 {[%clk 1:32:20]} 9. Qg4
{[%clk 1:23:14]} g6 {[%clk 1:32:44]} 10. Bg5 {[%clk 1:20:22]} h5 {[%clk 1:31:36]}
11. Qh4 {[%clk 1:18:38]} Nc6 {[%clk 1:31:52]} 12. Rad1 {[%clk 1:17:05]} Bd7
{[%clk 1:25:36]} 13. Be2 {[%clk 1:14:33]} O-O-O {[%clk 1:24:52]} 14. Rd2
{[%clk 0:45:49]} f6 {[%clk 1:23:52]} 15. Be3 {[%clk 0:46:10]} g5 {[%clk 1:24:16]}
16. Qg3 {[%clk 0:45:46]} h4 {[%clk 1:24:16]} 17. Qh3 {[%clk 0:46:03]} Ne5
{[%clk 1:24:40]} 18. Bd4 {[%clk 0:45:28]} Nh6 {[%clk 1:23:02]} 19. a4
{[%clk 0:41:33]} Rdg8 {[%clk 1:21:13]} 20. a5 {[%clk 0:40:01]} Kb8
{[%clk 1:21:34]} 21. Bb6 {[%clk 0:38:50]} Qc8 {[%clk 1:21:59]} 22. Qe3
{[%clk 0:37:04]} g4 {[%clk 1:22:20]} 23. Rfd1 {[%clk 0:31:34]} g3
{[%clk 1:22:34]} 24. h3 {[%clk 0:26:50]} gxf2+ {[%clk 1:22:38]} 25. Qxf2
{[%clk 0:26:58]} Rg3 {[%clk 1:23:00]} 26. Kh1 {[%clk 0:27:00]} Rhg8
{[%clk 1:23:10]} 27. Bf1 {[%clk 0:27:16]} Ka8 {[%clk 1:20:31]} 28. Rxd6
{[%clk 0:23:48]} Bxd6 {[%clk 1:20:50]} 29. Rxd6 {[%clk 0:24:13]} Nhf7
{[%clk 1:08:21]} 30. Rd1 {[%clk 0:24:10]} f5 {[%clk 1:07:25]} 31. Nd4
{[%clk 0:20:43]} Bc6 {[%clk 1:01:51]} 32. Nxc6 {[%clk 0:18:46]} Qxc6
{[%clk 1:02:07]} 33. Ne2 {[%clk 0:12:09]} Qxc2 {[%clk 1:01:17]} 34. Rc1
{[%clk 0:12:11]} Qd2 {[%clk 0:58:24]} 35. Qc5 {[%clk 0:09:45]} Nd7
{[%clk 0:58:43]} 36. Qe7 {[%clk 0:07:17]} Nfe5 {[%clk 0:56:43]} 37. Qxe6
{[%clk 0:06:20]} R3g6 {[%clk 0:56:18]} 38. Qb3 {[%clk 0:01:52]} Nxb6
{[%clk 0:52:41]} 39. axb6 {[%clk 0:02:20]} Nd3 {[%clk 0:52:41]} 40. Ra1
{[%clk 0:32:01]} fxe4 {[%clk 1:19:31]} 41. Qf7 {[%clk 0:28:35]} R6g7
{[%clk 1:17:54]} 42. Rxa6+ {[%clk 0:26:28]} bxa6 {[%clk 1:18:13]} 43. Qd5+
{[%clk 0:26:53]} Kb8 {[%clk 1:18:39]} 44. Qd6+ {[%clk 0:27:17]} Kb7
{[%clk 1:18:59]} 45. Qd5+ {[%clk 0:27:38]} Kxb6 {[%clk 1:19:18]} 46. Qd6+
{[%clk 0:26:21]} Ka7 {[%clk 1:19:37]} 47. Qd4+ {[%clk 0:26:44]} Kb8
{[%clk 1:19:52]} 48. Qd6+ {[%clk 0:27:01]} Rc7 {[%clk 1:20:13]} 49. Qb6+
{[%clk 0:27:27]} Rb7 {[%clk 1:20:36]} 50. Qd6+ {[%clk 0:27:55]} Ka7
{[%clk 1:21:00]} 0-1

[Event "ureki 2015"]
[Site "?"]
[Date "2015.10.06"]
[Round "2.9"]
[White "Managadze, Nikoloz"]
[Black "Sanikidze, Tornike"]
[Result "1/2-1/2"]
[LiveChessVersion "1.3.1"]
[BlackElo "2527"]
[WhiteElo "2459"]

1. e4 {[%clk 1:30:55]} e5 {[%clk 1:30:14]} 2. Nf3 {[%clk 1:31:11]} Nc6
{[%clk 1:30:32]} 3. Bc4 {[%clk 1:30:44]} Nf6 {[%clk 1:30:49]} 4. d3
{[%clk 1:30:48]} Be7 {[%clk 1:30:57]} 5. Nc3 {[%clk 1:30:56]} d6 {[%clk 1:30:50]}
6. a3 {[%clk 1:30:37]} O-O {[%clk 1:29:13]} 7. h3 {[%clk 1:23:01]} Be6
{[%clk 1:29:17]} 8. Ng5 {[%clk 1:22:44]} Bxc4 {[%clk 1:27:54]} 9. dxc4
{[%clk 1:22:52]} Nd7 {[%clk 1:27:43]} 10. Nf3 {[%clk 1:10:53]} Nc5
{[%clk 1:27:43]} 11. Be3 {[%clk 1:09:50]} Ne6 {[%clk 1:27:44]} 12. Qd3
{[%clk 1:08:47]} Bg5 {[%clk 1:22:39]} 13. Nxg5 {[%clk 1:03:50]} Nxg5
{[%clk 1:23:04]} 14. c5 {[%clk 1:04:06]} Ne6 {[%clk 1:20:09]} 15. cxd6
{[%clk 0:59:13]} cxd6 {[%clk 1:20:33]} 16. O-O-O {[%clk 0:51:21]} Ncd4
{[%clk 1:20:51]} 17. Bxd4 {[%clk 0:50:33]} Nxd4 {[%clk 1:21:15]} 18. Ne2
{[%clk 0:44:27]} Nxe2+ {[%clk 1:17:28]} 19. Qxe2 {[%clk 0:44:47]} Rc8
{[%clk 1:14:49]} 20. Qe3 {[%clk 0:38:22]} b6 {[%clk 1:12:07]} 21. Rd3
{[%clk 0:37:10]} Rc6 {[%clk 1:10:44]} 22. Rhd1 {[%clk 0:36:06]} Re8
{[%clk 1:11:07]} 23. Kb1 {[%clk 0:34:40]} h6 {[%clk 1:10:48]} 24. Rc3
{[%clk 0:33:47]} Qd7 {[%clk 1:08:32]} 25. Rxc6 {[%clk 0:29:38]} Qxc6
{[%clk 1:08:16]} 26. Rd5 {[%clk 0:28:38]} Re6 {[%clk 1:08:10]} 27. Qd3
{[%clk 0:24:16]} Rf6 {[%clk 1:08:08]} 28. f3 {[%clk 0:24:29]} Rg6
{[%clk 1:08:23]} 29. g4 {[%clk 0:24:43]} Rf6 {[%clk 1:08:50]} 30. b3
{[%clk 0:23:59]} Qc7 {[%clk 1:08:00]} 31. a4 {[%clk 0:23:20]} 1/2-1/2

[Event "ureki 2015"]
[Site "?"]
[Date "2015.10.06"]
[Round "2.10"]
[White "Tsatsalashvili, Keti"]
[Black "Arabidze, Meri"]
[Result "1/2-1/2"]
[LiveChessVersion "1.3.1"]
[BlackElo "2405"]
[WhiteElo "2266"]

1. d4 {[%clk 1:26:00]} d6 {[%clk 1:30:48]} 2. Nf3 {[%clk 1:25:17]} g6
{[%clk 1:30:56]} 3. c4 {[%clk 1:24:31]} Bg7 {[%clk 1:31:16]} 4. e4
{[%clk 1:23:46]} Bg4 {[%clk 1:31:14]} 5. Be2 {[%clk 1:23:09]} Nc6
{[%clk 1:31:24]} 6. Be3 {[%clk 1:21:53]} Bxf3 {[%clk 1:31:34]} 7. Bxf3
{[%clk 1:21:40]} e5 {[%clk 1:31:46]} 8. d5 {[%clk 1:20:24]} Nd4 {[%clk 1:32:06]}
9. Nc3 {[%clk 1:19:24]} c5 {[%clk 1:31:13]} 10. dxc6 {[%clk 1:19:35]} bxc6
{[%clk 1:29:31]} 11. O-O {[%clk 1:16:15]} Ne7 {[%clk 1:28:23]} 12. g3
{[%clk 1:16:02]} Rb8 {[%clk 1:26:31]} 13. Rb1 {[%clk 1:15:16]} O-O
{[%clk 1:22:37]} 14. Bg2 {[%clk 1:15:06]} Qa5 {[%clk 1:17:07]} 15. Re1
{[%clk 1:08:06]} Qb4 {[%clk 1:11:14]} 16. Qd3 {[%clk 1:06:35]} a5
{[%clk 1:02:09]} 17. b3 {[%clk 1:00:30]} Rfd8 {[%clk 0:52:37]} 18. Bg5
{[%clk 0:58:42]} Qb7 {[%clk 0:50:54]} 19. Na4 {[%clk 0:57:33]} h6
{[%clk 0:47:50]} 20. Bd2 {[%clk 0:56:47]} Qa7 {[%clk 0:47:44]} 21. Qc3
{[%clk 0:44:22]} Ra8 {[%clk 0:47:16]} 22. Bc1 {[%clk 0:43:00]} d5
{[%clk 0:40:00]} 23. Ba3 {[%clk 0:33:18]} dxe4 {[%clk 0:39:16]} 24. Bc5
{[%clk 0:31:47]} Qb7 {[%clk 0:38:26]} 25. Bb6 {[%clk 0:29:53]} Re8
{[%clk 0:30:54]} 26. Bxe4 {[%clk 0:27:44]} Nef5 {[%clk 0:30:25]} 27. Bc5
{[%clk 0:21:48]} Ne6 {[%clk 0:24:54]} 28. Bxf5 {[%clk 0:12:09]} gxf5
{[%clk 0:25:14]} 29. Qf3 {[%clk 0:11:44]} f4 {[%clk 0:21:10]} 30. Qg4
{[%clk 0:10:09]} fxg3 {[%clk 0:20:13]} 31. hxg3 {[%clk 0:10:14]} Ng5
{[%clk 0:19:35]} 32. Be3 {[%clk 0:09:01]} f5 {[%clk 0:15:38]} 33. Qh5
{[%clk 0:07:41]} Qf7 {[%clk 0:14:04]} 34. Qxf7+ {[%clk 0:07:49]} Kxf7
{[%clk 0:14:33]} 35. Bxg5 {[%clk 0:06:49]} hxg5 {[%clk 0:14:41]} 36. g4
{[%clk 0:04:57]} Kg6 {[%clk 0:10:19]} 37. gxf5+ {[%clk 0:04:43]} Kxf5
{[%clk 0:10:47]} 38. f3 {[%clk 0:04:16]} e4 {[%clk 0:09:39]} 39. fxe4+
{[%clk 0:03:49]} Rxe4 {[%clk 0:10:00]} 40. Rxe4 {[%clk 0:33:06]} Kxe4
{[%clk 0:40:28]} 41. Nc5+ {[%clk 0:32:36]} Ke3 {[%clk 0:36:41]} 42. Ne6
{[%clk 0:29:37]} Bc3 {[%clk 0:34:47]} 43. Rf1 {[%clk 0:27:32]} g4
{[%clk 0:33:34]} 44. Kg2 {[%clk 0:27:18]} Re8 {[%clk 0:30:36]} 45. Nc5
{[%clk 0:26:44]} Rd8 {[%clk 0:30:07]} 46. Kg3 {[%clk 0:25:23]} Bb4
{[%clk 0:28:07]} 47. Na4 {[%clk 0:23:28]} Rd4 {[%clk 0:18:14]} 48. c5
{[%clk 0:21:50]} Ke2 {[%clk 0:16:50]} 49. Rf6 {[%clk 0:17:48]} Be1+
{[%clk 0:16:19]} 50. Kg2 {[%clk 0:18:07]} Rd2 {[%clk 0:15:37]} 51. Rxc6
{[%clk 0:15:16]} Ke3+ {[%clk 0:14:59]} 52. Kf1 {[%clk 0:13:36]} Bh4
{[%clk 0:15:18]} 53. Rc7 {[%clk 0:08:34]} g3 {[%clk 0:09:26]} 54. Rf7
{[%clk 0:07:55]} Rc2 {[%clk 0:06:46]} 55. Nb6 {[%clk 0:07:32]} Rc1+
{[%clk 0:05:49]} 56. Kg2 {[%clk 0:07:53]} Rc2+ {[%clk 0:06:15]} 57. Kf1
{[%clk 0:08:11]} Rc1+ {[%clk 0:04:07]} 58. Kg2 {[%clk 0:08:35]} Rc2+
{[%clk 0:04:36]} 1/2-1/2

[Event "ureki 2015"]
[Site "?"]
[Date "2015.10.06"]
[Round "2.11"]
[White "Tutisani, Noe"]
[Black "Keleptrishvili, Irakli"]
[Result "1/2-1/2"]
[LiveChessVersion "1.3.1"]
[BlackElo "2162"]
[WhiteElo "2335"]

1. d4 {[%clk 1:30:56]} d5 {[%clk 1:29:08]} 2. c4 {[%clk 1:31:20]} dxc4
{[%clk 1:29:33]} 3. e4 {[%clk 1:31:47]} Nf6 {[%clk 1:29:57]} 4. e5
{[%clk 1:32:06]} Nd5 {[%clk 1:30:23]} 5. Bxc4 {[%clk 1:32:31]} Nb6
{[%clk 1:30:50]} 6. Bd3 {[%clk 1:32:44]} Nc6 {[%clk 1:31:07]} 7. Ne2
{[%clk 1:32:51]} Bg4 {[%clk 1:30:02]} 8. f3 {[%clk 1:33:14]} Be6 {[%clk 1:30:28]}
9. Nbc3 {[%clk 1:32:23]} Nb4 {[%clk 1:20:24]} 10. Be4 {[%clk 1:31:47]} c6
{[%clk 1:20:44]} 11. O-O {[%clk 1:30:15]} Qd7 {[%clk 1:17:05]} 12. a3
{[%clk 1:28:05]} N4d5 {[%clk 1:17:20]} 13. Bd3 {[%clk 1:27:33]} Nxc3
{[%clk 1:10:39]} 14. bxc3 {[%clk 1:28:00]} Bc4 {[%clk 1:08:33]} 15. a4
{[%clk 1:25:40]} Bxd3 {[%clk 1:00:20]} 16. Qxd3 {[%clk 1:26:05]} c5
{[%clk 0:52:14]} 17. a5 {[%clk 1:22:22]} c4 {[%clk 0:51:31]} 18. Qd2
{[%clk 1:22:33]} Nd5 {[%clk 0:51:37]} 19. Ng3 {[%clk 1:20:39]} f5
{[%clk 0:36:54]} 20. exf6 {[%clk 1:18:29]} exf6 {[%clk 0:37:12]} 21. Qe2+
{[%clk 1:15:47]} Be7 {[%clk 0:37:34]} 22. Ba3 {[%clk 1:14:08]} Nxc3
{[%clk 0:28:13]} 23. Qxc4 {[%clk 0:44:11]} Rc8 {[%clk 0:21:55]} 24. Qd3
{[%clk 0:43:07]} O-O {[%clk 0:16:08]} 25. Bxe7 {[%clk 0:43:01]} Qxe7
{[%clk 0:16:38]} 26. Rfe1 {[%clk 0:43:13]} Qd7 {[%clk 0:10:12]} 27. Nf5
{[%clk 0:40:57]} Rfe8 {[%clk 0:08:51]} 28. Rxe8+ {[%clk 0:35:14]} Rxe8
{[%clk 0:08:56]} 29. Nh6+ {[%clk 0:35:15]} gxh6 {[%clk 0:08:44]} 30. Qxc3
{[%clk 0:35:42]} Rd8 {[%clk 0:07:40]} 31. Rd1 {[%clk 0:34:25]} Qd5
{[%clk 0:07:43]} 32. Qe3 {[%clk 0:30:18]} Qxa5 {[%clk 0:06:11]} 33. Qe6+
{[%clk 0:30:29]} Kg7 {[%clk 0:06:30]} 34. Qe7+ {[%clk 0:27:02]} 1/2-1/2